[Event "Challenge1"]
[Site "http://www.queenalice.com/game.php?id=1101747"]
[Date "2012.9.11"]
[Round "-"]
[White "ettorekasparov"]
[Black "letter"]
[Result "0-1"]
[WhiteElo "1220"]
[BlackElo "1319"]

1. e3 e5 2. h4 h5 3. g4 g6 4. b3 e4 5. Bb2 Rh7 6. Be5 Nc6 7. f4 Nxe5 8. fxe5 d6
9. Bb5+ Bd7 10. a4 Bxb5 11. axb5 b6 12. Nc3 d5 13. d3 Bb4 14. Qd2 exd3 15. Qxd3
Qd7 16. O-O-O O-O-O 17. Nxd5 Qxg4 18. e4 Bc5 19. Kb2 Bb4 20. Nxb4 Rxd3 21. Rxd3
Qxe4 22. Nf3 Qxb4 23. Ng5 Rg7 24. Rf1 Nh6 25. c3 Qxb5 26. e6 Qxd3 27. Rf3 Qd2+
28. Ka3 Qd6+ 29. b4 fxe6 30. Re3 Re7 31. Rf3 Nf5 32. Rh3 Qd1 33. b5 Qf1 34. Ka4
Qa1+ 35. Kb4 Qa5+ 36. Kc4 Nd6+ 0-1

[Event "Challenge"]
[Site "http://www.queenalice.com/game.php?id=1113568"]
[Date "2012.10.18"]
[Round "-"]
[White "ElvisCarvalho"]
[Black "letter"]
[Result "1-0"]
[WhiteElo "1464"]
[BlackElo "1370"]

1. e4 e5 2. Bc4 Nf6 3. Qf3 Bc5 4. d3 h6 5. Ne2 d6 6. O-O Bg4 7. Qg3 Bxe2 8. Qxg7
Rh7 9. Qg3 Bxf1 10. Kxf1 Nc6 11. Qh4 Nd4 12. Na3 Bxa3 13. bxa3 Nxc2 14. Rb1 b6
15. Qh3 Nxa3 16. Bxa3 Qe7 17. Bb5+ Nd7 18. Bc6 Rb8 19. Qg4 Rh8 20. Bc1 Kd8 21.
Qg7 Qf8 22. Qg4 Qe7 23. Bb2 Nf6 24. Qg7 Rh7 25. Qg3 a6 26. f3 b5 27. d4 exd4 28.
Bxd4 Rh8 29. Qh3 Qe6 30. Bxf6+ Kc8 31. Bxh8 Rb6 32. Bd5 Qxh3 33. gxh3 c5 34.
Bxf7 b4 35. Be6+ Kc7 36. Ke1 Rc6 37. Bd5 Rb6 38. f4 Rb8 39. Bg7 Rg8 40. Bxg8 a5
41. Bxh6 c4 42. Bg7 c3 43. Kd1 a4 44. Rxb4 a3 45. Kc2 Kc6 46. Bd5+ Kc5 47. Rc4+
Kb5 48. h4 Kb6 49. Bd4+ Kb5 50. Bc6+ Ka5 51. Ra4# 1-0

[Event "Challenge"]
[Site "http://www.queenalice.com/game.php?id=1114544"]
[Date "2012.10.21"]
[Round "-"]
[White "ElvisCarvalho"]
[Black "letter"]
[Result "0-1"]
[WhiteElo "1455"]
[BlackElo "1356"]

1. e4 e5 2. Bc4 Nf6 3. d3 Nc6 4. Bg5 Be7 5. Nf3 h6 6. Bh4 g5 7. Bg3 d6 8. O-O
Bg4 9. Nbd2 Qd7 10. h3 Bh5 11. c3 O-O-O 12. Qb3 Na5 13. Qc2 Bxf3 14. Nxf3 Nxc4
15. dxc4 g4 16. Ne1 gxh3 17. gxh3 Qc6 18. Qe2 Qxe4 19. Qd1 Qxc4 20. Qf3 Rhg8 21.
Nc2 Ne4 22. Ne3 Nd2 23. Kg2 Nxf3 24. Nxc4 e4 25. Rad1 Bh4 26. Rd5 Rg5 27. Rxg5
Bxg5 28. b4 Rg8 29. Kh1 Bf6 30. Ne3 Bxc3 31. a3 Ng5 32. Kh2 Be5 33. Bxe5 dxe5
34. Nf5 Nf3+ 35. Kh1 Rg6 36. Ne7+ Kb8 37. Nxg6 a6 38. Ne7 Ng5 39. h4 Nf3 40. h5
b5 41. Nc6+ Kb7 42. Nd8+ Kb6 43. Nxf7 a5 44. Nxh6 axb4 45. axb4 c5 46. bxc5+
Kxc5 47. Nf5 Ng5 48. Rc1+ Kd5 49. Ne3+ Ke6 50. Rc5 Kd6 0-1

[Event "Ajedrecistas 1"]
[Site "http://www.queenalice.com/game.php?id=1115293"]
[Date "2012.10.23"]
[Round "1"]
[White "letter"]
[Black "tewald"]
[Result "0-1"]
[WhiteElo "1319"]
[BlackElo "1888"]

1. e4 e6 2. Nc3 d5 3. exd5 exd5 4. d4 c6 5. Nf3 Bd6 6. Bd3 Ne7 7. O-O O-O 8. Be3
Bf5 9. Bxf5 Nxf5 10. Qd3 Nh4 11. Nxh4 Qxh4 12. h3 Na6 13. a3 b5 14. b4 Rae8 15.
Bd2 Re6 16. Rae1 Rg6 17. Qf3 f5 18. Ne2 f4 19. c3 Nc7 20. Kh2 Ne6 21. Rg1 Ng5
22. Qg4 Qxg4 23. hxg4 Rh6# 0-1

[Event "Ajedrecistas 1"]
[Site "http://www.queenalice.com/game.php?id=1135375"]
[Date "2012.12.29"]
[Round "2"]
[White "Gabriel_HD"]
[Black "letter"]
[Result "1-0"]
[WhiteElo "1811"]
[BlackElo "1412"]

1. e4 e5 2. Nf3 Nc6 3. Bb5 Qf6 4. d3 h6 5. Nc3 Nge7 6. O-O a6 7. Bxc6 Nxc6 8.
Nd5 Qd6 9. c4 Be7 10. c5 Qxc5 11. Nxc7+ Kd8 12. Nxa8 Qa7 13. d4 exd4 14. Re1
Qxa8 15. Nxd4 Ne5 16. Qh5 Nd3 17. Rd1 g6 18. Qd5 Nxc1 19. Raxc1 Rf8 20. Nf3 Qb8
21. Ne5 b5 22. Nxd7 Qd6 23. Nxf8 Bxf8 24. Qxf7 Bd7 25. Rxd6 Bxd6 26. Rd1 Kc7 27.
Qxg6 Bc6 28. Rxd6 Kb6 29. a3 Kc5 30. Rxc6+ Kd4 31. Rc3 1-0

[Event "Ajedrecistas 1"]
[Site "http://www.queenalice.com/game.php?id=1168376"]
[Date "2013.4.4"]
[Round "4"]
[White "princesher"]
[Black "letter"]
[Result "1-0"]
[WhiteElo "1716"]
[BlackElo "1444"]

1. e4 e5 2. Nf3 Nc6 3. Nc3 Nf6 4. d3 Bb4 5. Bd2 d6 6. a3 Bxc3 7. bxc3 Bg4 8. Bg5
h6 9. Bxf6 Qxf6 10. Be2 Bxf3 11. Bxf3 O-O 12. h4 a5 13. a4 Rad8 14. Rb1 b6 15.
g4 Qg6 16. h5 Qg5 17. Rb5 f6 18. d4 Na7 19. Rb3 Nc8 20. d5 Rd7 21. Ke2 Rff7 22.
Rg1 Na7 23. Qd3 c5 24. dxc6 Nxc6 25. Rxb6 Rc7 26. Rd1 Rfd7 27. Qd5+ Kh7 28. Rxc6
f5 29. Rxc7 Rxc7 30. Qd2 f4 31. Qd3 Qd8 32. c4 Rc5 33. Qb3 Qc7 34. Kd3 g5 35.
Kc3 Qa7 36. Rxd6 Qc7 37. Rd5 Kg7 38. Be2 Kf6 39. f3 Ke6 40. Bd3 Ke7 41. Qa3 Ke8
42. Qxc5 Qb7 43. Rxe5+ Kd8 44. Qxa5+ Kd7 45. Qb5+ Qxb5 46. cxb5 Kd6 47. b6 Kxe5
48. b7 Kd6 49. b8=Q+ Kc6 50. Kc4 Kd7 51. Kd5 Ke7 52. Qd6+ Kf7 53. Ke5 Kg7 54.
Qf6+ Kh7 55. Kf5 Kg8 56. Bc4+ Kh7 57. Qg6+ Kh8 58. Qg8# 1-0

[Event "Ajedrecistas 1"]
[Site "http://www.queenalice.com/game.php?id=1187291"]
[Date "2013.6.3"]
[Round "5"]
[White "letter"]
[Black "Ebbe"]
[Result "0-1"]
[WhiteElo "1433"]
[BlackElo "1979"]

1. e4 e5 2. Nf3 Nc6 3. Nc3 h6 4. Bb5 Nge7 5. a3 Ng6 6. Bxc6 dxc6 7. h3 Be6 8. d4
Bd6 9. d5 Bd7 10. Be3 c5 11. Qd3 a6 12. Qd2 Nf4 13. O-O Qf6 14. Bxf4 exf4 15.
Rfe1 Qg6 16. e5 Bf8 17. Nh4 Qg5 18. Nf3 Qg6 19. d6 c6 20. Kh2 O-O-O 21. Ne4 f6
22. Qxf4 fxe5 23. Qxe5 Re8 24. Qf4 b6 25. c4 Re6 26. Rad1 Qh7 27. b4 g5 28. Qe3
Qf5 29. Qd3 Bg7 30. Ng3 Qxd3 31. Rxd3 Rxe1 32. Nxe1 cxb4 33. axb4 Rf8 34. f3 Re8
35. Nc2 Be5 36. Rd1 c5 37. bxc5 bxc5 38. Ne3 Bxg3+ 39. Kxg3 Rxe3 40. Ra1 Kb7 41.
Rd1 Rc3 42. Re1 Rxc4 43. Re7 Kc6 44. Rh7 Rh4 45. Rh8 Kxd6 46. Ra8 Bb5 47. Rd8+
Kc6 48. Rc8+ Kb6 49. Rb8+ Ka5 50. Rc8 c4 51. Kf2 Rd4 52. Rh8 c3 53. Ke3 Rd3+ 54.
Ke2 Rd8+ 55. Kf2 Rxh8 56. g4 Rd8 57. Kg3 c2 58. f4 Rd3+ 59. Kf2 c1=Q 60. fxg5
Qc2+ 0-1

[Event "Challenge"]
[Site "http://www.queenalice.com/game.php?id=1535188"]
[Date "2018.7.18"]
[Round "-"]
[White "magrella"]
[Black "letter"]
[Result "1-0"]
[WhiteElo "2115"]
[BlackElo "1516"]

1. e4 e5 2. Nf3 Nc6 3. Bb5 Qf6 4. d3 h6 5. Nc3 Bb4 6. Bd2 Nd4 7. Nxd4 exd4 8.
Nd5 Bxd2+ 9. Qxd2 Qd6 10. Bc4 Nf6 11. O-O-O a6 12. e5 Qxe5 13. Rde1 d6 14. Rxe5+
dxe5 15. Nxc7+ Ke7 16. Qb4+ Kd7 17. Qc5 Rb8 18. Bxf7 b6 19. Be6+ Kd8 20. Qd6+
Bd7 21. Nxa6 Rb7 22. Qxe5 Rf8 23. Re1 Bxe6 24. Qd6+ Nd7 25. Qxe6 Nf6 26. Qd6+
Nd7 27. Qxd4 Rf6 28. Qd5 Ra7 29. Nb4 Kc7 30. a3 Rd6 31. Qc4+ Kb7 32. Re8 Nc5 33.
Qf7+ Rd7 34. Qf3+ Kc7 35. Qf4+ Rd6 36. Rc8+ Kd7 37. Rxc5 bxc5 38. Qf5+ Ke7 39.
Qxc5 Rd7 40. a4 Kf7 41. a5 Kg8 42. a6 Rd8 43. Nc6 R8d7 44. Nb8 Rd8 45. a7 Rd5
46. Qc4 Kh7 47. Qe4+ g6 48. a8=Q h5 49. Qb7+ R5d7 50. Nxd7 Kh6 51. Qf4+ Kg7 52.
Ne5+ Kh8 53. Qh6+ Kg8 54. Qhg7# 1-0

[Event "Challenge"]
[Site "http://www.queenalice.com/game.php?id=1535822"]
[Date "2018.7.22"]
[Round "-"]
[White "Sonia"]
[Black "letter"]
[Result "0-1"]
[WhiteElo "1551"]
[BlackElo "1508"]

1. e4 e5 2. Nf3 Nc6 3. Nc3 a6 4. Bc4 Nf6 5. a3 Bc5 6. O-O h6 7. Nh4 d6 8. d3 Qe7
9. Nf5 Qf8 10. Be3 Bxe3 11. Nxe3 Nd4 12. b4 Qe7 13. b5 b6 14. h3 a5 15. a4 Be6
16. Bxe6 Qxe6 17. Ng4 Nxg4 18. hxg4 O-O-O 19. Nd5 Qd7 20. Ne3 f6 21. c3 Ne6 22.
f3 g5 23. Nd5 Rdf8 24. Kf2 Nf4 25. Nxf4 gxf4 26. Qb3 h5 27. Qd5 Kb8 28. g5 fxg5
29. d4 Re8 30. Rh1 h4 0-1

[Event "Challenge"]
[Site "http://www.queenalice.com/game.php?id=1535823"]
[Date "2018.7.22"]
[Round "-"]
[White "Equiferus"]
[Black "letter"]
[Result "1-0"]
[WhiteElo "1872"]
[BlackElo "1480"]

1. Nf3 Nc6 2. d4 d5 3. g3 h6 4. Bg2 Bg4 5. O-O e6 6. a3 Nf6 7. Nbd2 Bxf3 8. Bxf3
Bd6 9. c3 Qd7 10. b4 b5 11. e4 dxe4 12. Nxe4 Nxe4 13. Bxe4 O-O-O 14. a4 a6 15.
axb5 axb5 16. Qf3 Na7 17. Rxa7 Qe7 18. Ra8+ 1-0

[Event "Challenge"]
[Site "http://www.queenalice.com/game.php?id=1535834"]
[Date "2018.7.22"]
[Round "-"]
[White "Nicole63"]
[Black "letter"]
[Result "0-1"]
[WhiteElo "1062"]
[BlackElo "1480"]

1. e4 e5 2. d4 exd4 3. Qxd4 Nc6 4. Qd1 a6 5. Bc4 h6 6. Nf3 Nf6 7. Nc3 Bb4 8. Qd2
d6 9. a3 Bxc3 10. Qxc3 Qe7 11. O-O Be6 12. Re1 Bxc4 13. Qxc4 O-O-O 14. Bd2 Qe6
15. Qd3 Rhe8 16. h3 Qd7 17. b4 Qe7 18. g3 Ne5 19. Qd4 Nxf3+ 20. Kg2 Nxd4 21.
Rac1 Qd7 22. Be3 Nc6 23. Rcd1 Nxe4 24. f3 Ng5 25. h4 Qh3+ 26. Kf2 Qh2+ 27. Kf1
Nxf3 28. g4 Qh3+ 29. Kf2 Nxe1 0-1

[Event "Challenge"]
[Site "http://www.queenalice.com/game.php?id=1535836"]
[Date "2018.7.22"]
[Round "-"]
[White "tariann"]
[Black "letter"]
[Result "1-0"]
[WhiteElo "2082"]
[BlackElo "1516"]

1. e4 e5 2. Nf3 Nc6 3. Bb5 Nd4 4. Nxd4 exd4 5. O-O a6 6. Ba4 Bd6 7. d3 Be5 8.
Nd2 b5 9. Bb3 d6 10. Nf3 h6 11. Nxe5 dxe5 12. Qh5 g6 13. Qxe5+ Ne7 14. Qxh8+ Kd7
15. Qxd4+ Ke8 16. Bxf7+ Kxf7 17. Qxd8 c5 18. Bxh6 Ke6 19. Bg5 Ra7 20. Bxe7 Rxe7
21. Qxc8+ Ke5 22. Qxc5+ Kf6 23. f4 Re6 24. f5 gxf5 25. Rxf5+ Kg6 26. Qf8 Rc6 27.
Qf7+ Kh6 28. Rh5# 1-0

[Event "Challenge"]
[Site "http://www.queenalice.com/game.php?id=1535838"]
[Date "2018.7.22"]
[Round "-"]
[White "naugard47"]
[Black "letter"]
[Result "0-1"]
[WhiteElo "1688"]
[BlackElo "1480"]

1. e4 e5 2. Bc4 Nf6 3. Nc3 a6 4. Qf3 Nc6 5. a3 Bc5 6. d3 d6 7. h3 h6 8. Nd5 Be6
9. Nxf6+ Qxf6 10. Qxf6 gxf6 11. Nf3 Bxc4 12. dxc4 Rg8 13. Nh4 O-O-O 14. g3 Nd4
15. O-O Nxc2 16. Ra2 Nd4 17. Re1 Nc2 18. Rd1 Rxg3+ 19. Kh2 Rgg8 20. f3 Rg7 21.
b4 Ne3 22. Bxe3 Bxe3 23. Nf5 Bf4+ 24. Kh1 Rh7 25. b5 axb5 26. cxb5 b6 27. a4 Kb7
28. a5 bxa5 29. Rxa5 Kb6 30. Rda1 Bd2 31. Ra6+ Kxb5 32. R6a2 Bc3 33. Rb1+ Bb4
34. Rab2 c5 35. Ra2 h5 36. Rd2 Kc6 37. Rd3 Rd7 38. Rd5 Rh8 39. Ra1 Rb8 40. Ra6+
Rb6 41. Rxb6+ Kxb6 42. Nxd6 Kc6 43. Nc4 Rxd5 44. exd5+ Kxd5 45. Nb6+ Kc6 46. Nc4
Kd5 47. Nb6+ Ke6 48. Kg1 Kf5 49. Kf2 Ba5 50. Nc4 Bc7 51. Ke3 Kg5 52. Kf2 Kf4 53.
Kg2 f5 54. Kf2 f6 55. h4 e4 56. fxe4 fxe4 57. Ne3 Bb8 58. Nd5+ Ke5 59. Ne3 f5
60. Ke2 f4 61. Nc2 c4 62. Kd2 Ba7 63. Kc3 f3 0-1

[Event "Challenge"]
[Site "http://www.queenalice.com/game.php?id=1535980"]
[Date "2018.7.24"]
[Round "-"]
[White "letter"]
[Black "magrella"]
[Result "0-1"]
[WhiteElo "1516"]
[BlackElo "2114"]

1. e4 e5 2. Nf3 d6 3. h3 Nf6 4. Nc3 Be7 5. Bc4 Nc6 6. a3 O-O 7. d3 h6 8. Be3 a6
9. Qd2 Na5 10. Nd5 Nxc4 11. dxc4 Nxe4 12. Qd3 Bf5 13. Qb3 Rb8 14. O-O-O Bg5 15.
Kb1 b5 16. Nxg5 Nxg5 17. cxb5 Rxb5 18. Qc3 c5 19. g4 Ne4 20. Qc4 Bg6 21. f3 Nf6
22. f4 exf4 23. Bxf4 Ne4 24. Rhe1 Re8 25. Be3 Qa5 26. Rd3 Qxe1+ 27. Bc1 Reb8 28.
b3 Nd2+ 29. Rxd2 Rxb3+ 30. Ka2 Rxa3+ 31. Kxa3 Qxc1+ 32. Ka4 Qa1+ 33. Qa2 Qxa2#
0-1

[Event "Last Play"]
[Site "http://www.queenalice.com/game.php?id=1538922"]
[Date "2018.8.15"]
[Round "-"]
[White "letter"]
[Black "magrella"]
[Result "0-1"]
[WhiteElo "1516"]
[BlackElo "2101"]

1. e4 e5 2. Nf3 Nf6 3. Nc3 Nc6 4. a3 Bc5 5. h3 Nd4 6. Nxe5 Qe7 7. f4 d6 8. Nf3
Bf5 9. d3 O-O 10. Nxd4 Bxd4 11. Bd2 d5 12. Qe2 dxe4 13. dxe4 Bxc3 14. Bxc3 Nxe4
15. O-O-O c6 16. Be1 Qc7 17. g4 Qxf4+ 18. Kb1 Bg6 19. Rg1 Rfe8 20. Qg2 Rad8 21.
Bd3 h6 22. Bd2 Nxd2+ 23. Qxd2 Qd4 24. Rg3 Qf6 25. Qa5 a6 26. Qb6 Rd7 27. Qg1
Red8 28. Rf1 Qg5 29. Bxg6 Qxg6 30. h4 Qe4 31. Qh1 Qe2 32. Rd3 Qxg4 33. Rxd7 Rxd7
34. Rg1 Qe2 35. Re1 Qg4 36. h5 Rd5 37. Rg1 Rxh5 38. Qg2 Qxg2 39. Rxg2 Rh1+ 40.
Ka2 g5 41. b4 f5 42. a4 f4 43. a5 Kf7 44. c4 Ke6 45. b5 f3 46. Rd2 c5 47. Rd5 f2
48. bxa6 bxa6 49. Rxc5 f1=Q 50. Rc6+ Kf5 51. Rc7 Qh3 52. Rf7+ Kg4 53. c5 Qc3 54.
Rc7 Rh2+ 55. Kb1 Qe1# 0-1

[Event "Challenge"]
[Site "http://www.queenalice.com/game.php?id=1540734"]
[Date "2018.8.30"]
[Round "-"]
[White "letter"]
[Black "naugard47"]
[Result "0-1"]
[WhiteElo "1516"]
[BlackElo "1739"]

1. e4 e5 2. Nf3 Nc6 3. a3 a6 4. Nc3 Nf6 5. h3 d5 6. exd5 Nxd5 7. Nxd5 Qxd5 8. d3
f6 9. Be3 Bd7 10. Qd2 O-O-O 11. Be2 g5 12. c4 Qd6 13. c5 Qd5 14. b4 Na7 15. c6
Nxc6 16. O-O e4 17. dxe4 Qxe4 18. Qb2 Be7 19. Nd2 Qg6 20. b5 axb5 21. Bxb5 Ne5
22. Rab1 Bf5 23. Bd7+ Kxd7 24. Qxb7 Bxb1 25. Nxb1 Rb8 26. Qd5+ Ke8 27. Nc3 c6
28. Qd2 Rd8 29. Qb2 Kf7 30. Nb1 h5 31. a4 h4 32. f3 Rhe8 33. a5 Nc4 34. Qc3 Nxe3
35. Qxe3 Bd6 36. Qc3 Rc8 37. a6 Bb8 38. Na3 Kg7 39. Nc4 Re6 40. Qa5 Ba7+ 41. Kh2
c5 42. Rb1 Qxb1 43. Na3 Bb8+ 44. f4 Bxf4+ 45. g3 Re2# 0-1